Gurukul journal of theological studies. (Record no. 7517)

MARC details
000 -LEADER
fixed length control field 02200cas a2200457 i 4500
001 - CONTROL NUMBER
control field 17709588
003 - CONTROL NUMBER IDENTIFIER
control field GBCCL
005 - DATE AND TIME OF LATEST TRANSACTION
control field 20241126110630.0
008 - FIXED-LENGTH DATA ELEMENTS--GENERAL INFORMATION
fixed length control field 130423c19uu9999ii fr 0 0eng
010 ## -
-- 2012350177
025 ## - OVERSEAS ACQUISITION NUMBER
Overseas acquisition number I-D-E-2012-350177; 13-91
035 ## - SYSTEM CONTROL NUMBER
System control number (OCoLC)ocn840468843
040 ## - CATALOGING SOURCE
Original cataloging agency DLC
Language of cataloging eng
Description conventions rda
Transcribing agency DLC
Modifying agency OCLCO
-- DLC
-- OCLCQ
-- DLC
-- OCLCF
-- OCLCO
-- DLC
-- OCLCA
042 ## -
-- pcc
043 ## -
-- a-ii---
050 00 -
-- BT30.I4
-- G87
082 ## - DEWEY DECIMAL CLASSIFICATION NUMBER
Classification number 230.0954
Item number GUR
245 00 - TITLE STATEMENT
Title Gurukul journal of theological studies.
264 #1 - PRODUCTION, PUBLICATION, DISTRIBUTION, MANUFACTURE, AND COPYRIGHT NOTICE
Place of production, publication, distribution, manufacture Chennai :
Name of producer, publisher, distributor, manufacturer Gurukul Lutheran Theological College and Research Institute
300 ## - PHYSICAL DESCRIPTION
Extent volumes ;
Dimensions 24 cm
310 ## -
-- Semiannual
336 ## - CONTENT TYPE
Content type term text
Content type code txt
Source rdacontent
337 ## - MEDIA TYPE
Media type term unmediated
Media type code n
Source rdamedia
338 ## - CARRIER TYPE
Carrier type term volume
Carrier type code nc
Source rdacarrier
505 ## - FORMATTED CONTENTS NOTE
Formatted contents note Vol XX, NO.1 January 2009<br/>Biblical hermeneutics : exploring new cartographies<br/>Vol XX, NO.2 June 2009<br/>Christian ethics :conformity to resistance and alternatives<br/><br/><br/>
505 ## - FORMATTED CONTENTS NOTE
Formatted contents note Vol XXII, NO.1 January 2011<br/>Interfaith Dialogue : perennial questions, yet journeying with provisional answers<br/>Vol XXII, NO.2 June 2011<br/>The future of Lutheran Theology and Lutheran communion in India
505 ## - FORMATTED CONTENTS NOTE
Formatted contents note Vol XXIII, NO.1 January 2012<br/>Re-reading the Bible and history<br/>Vol XXIII, NO.2 June 2012<br/>Human Sexuality: Theological and Biblical reflections
505 ## - FORMATTED CONTENTS NOTE
Formatted contents note Vol XXIV, NO.1 & 2 January & June 2013<br/>Dalit Theology : a continuing concern
588 ## - SOURCE OF DESCRIPTION NOTE
Source of description note Description based on: Vol. XXI, no. 1 (January 2010); title from cover.
588 ## - SOURCE OF DESCRIPTION NOTE
Source of description note Latest issue consulted: Vol. XXII, no. 2 (June 2011).
590 ## - LOCAL NOTE (RLIN)
Local note Acquired via LC overseas office. New Delhi Field Office. Most recent issues may not yet be available in LC Washington.
650 #0 - SUBJECT ADDED ENTRY--TOPICAL TERM
Topical term or geographic name entry element Theology, Doctrinal
Geographic subdivision India
Form subdivision Periodicals.
9 (RLIN) 13291
650 #7 - SUBJECT ADDED ENTRY--TOPICAL TERM
Topical term or geographic name entry element Theology, Doctrinal.
Source of heading or term fast
Authority record control number or standard number (OCoLC)fst01149617
9 (RLIN) 14
651 #7 - SUBJECT ADDED ENTRY--GEOGRAPHIC NAME
Geographic name India.
Source of heading or term fast
Authority record control number or standard number (OCoLC)fst01210276
9 (RLIN) 13064
655 #7 - INDEX TERM--GENRE/FORM
Genre/form data or focus term Periodicals.
Source of term fast
Authority record control number or standard number (OCoLC)fst01411641
9 (RLIN) 5568
710 2# - ADDED ENTRY--CORPORATE NAME
Corporate name or jurisdiction name as entry element Gurukul Lutheran Theological College and Research Institute.
9 (RLIN) 2143
906 ## - LOCAL DATA ELEMENT F, LDF (RLIN)
a 7
b cbc
c serorig
d 3
e ncip
f 20
g n-oclcserc
942 ## - ADDED ENTRY ELEMENTS (KOHA)
Source of classification or shelving scheme Dewey Decimal Classification
Koha item type Bound Volumes
Holdings
Withdrawn status Lost status Source of classification or shelving scheme Damaged status Not for loan Home library Current Library Shelving location Date acquired Total checkouts Full call number Barcode Date last seen Copy number Price effective from Koha item type
    Dewey Decimal Classification     GRACE BIBLE COLLEGE GRACE BIBLE COLLEGE   2018-08-20   230.0954 GUR 00005 2018-08-20 v.20. 1,2 2018-08-20 Bound Volumes
    Dewey Decimal Classification     GRACE BIBLE COLLEGE GRACE BIBLE COLLEGE   2018-08-20   230.0954 GUR 00006 2018-08-20 v.22.1,2 2018-08-20 Bound Volumes
    Dewey Decimal Classification     GRACE BIBLE COLLEGE GRACE BIBLE COLLEGE   2019-03-13   230.0954 GUR 00007 2019-03-13 v.23 & 24 2019-03-13 Bound Volumes
© Grace Bible College Library 2025